| 000 | 00815nam a2200193 i 4500 | ||
|---|---|---|---|
| 001 | 158938 | ||
| 003 | ES-MaACL | ||
| 005 | 20250903005841.0 | ||
| 008 | 000627s1867 sp |||| | spa d | ||
| 040 |
_aCCPB | B _bspa _cCCPB | B |
||
| 100 | 1 |
_aMartínez Alcibar, Agustín, _d1810-1872 _9129618 |
|
| 245 | 1 | 0 |
_aElementos del cálculo de las probabilidades como complemento de la Aritmética ... / _cpor Agustín Martínez Alcíbar. |
| 260 |
_aMadrid : _b[s.n.], _c1867 ( _fimprenta de J. Fernández y Compañía) |
||
| 300 |
_a158 p. ; _c23 cm. |
||
| 650 | 7 |
_aCálculo _2embne _910668 |
|
| 650 | 7 |
_aAritmética _2embne _99963 |
|
| 852 |
_aES-MaACL _zT-334-F-6 _z-- Enc. hol. _q-- Falto de la cub. original _z-- Enc. en un vol. facticio _x-- Edic.: añadir T650 Libros de texto |
||
| 999 |
_c158938 _d158938 |
||